<?xml version="1.0" encoding="UTF-8"?>
<record
    xmlns:xsi="http://www.w3.org/2001/XMLSchema-instance"
    xsi:schemaLocation="http://www.loc.gov/MARC21/slim http://www.loc.gov/standards/marcxml/schema/MARC21slim.xsd"
    xmlns="http://www.loc.gov/MARC21/slim">

  <leader>00415nam a2200133Ia 4500</leader>
  <datafield tag="999" ind1=" " ind2=" ">
    <subfield code="c">8200</subfield>
    <subfield code="d">8200</subfield>
  </datafield>
  <controlfield tag="008">191201s2019    xx            000 0 und d</controlfield>
  <datafield tag="082" ind1=" " ind2=" ">
    <subfield code="a">612.015 RAB</subfield>
  </datafield>
  <datafield tag="100" ind1=" " ind2=" ">
    <subfield code="a">RAJE, VN</subfield>
  </datafield>
  <datafield tag="245" ind1=" " ind2="0">
    <subfield code="a">Biochemistry and clinical pathology for 1st Year Diploma in pharmacy (0808) Strictly based on</subfield>
  </datafield>
  <datafield tag="260" ind1=" " ind2=" ">
    <subfield code="b">CBS pub</subfield>
    <subfield code="a">New Delhi</subfield>
    <subfield code="c">2019</subfield>
  </datafield>
  <datafield tag="300" ind1=" " ind2=" ">
    <subfield code="a">179</subfield>
  </datafield>
  <datafield tag="650" ind1=" " ind2=" ">
    <subfield code="a">Applied Biochemistry &amp; Clinical Chemistry</subfield>
  </datafield>
  <datafield tag="942" ind1=" " ind2=" ">
    <subfield code="2">ddc</subfield>
    <subfield code="c">BK</subfield>
    <subfield code="0">1</subfield>
  </datafield>
  <datafield tag="952" ind1=" " ind2=" ">
    <subfield code="0">0</subfield>
    <subfield code="1">0</subfield>
    <subfield code="2">ddc</subfield>
    <subfield code="4">0</subfield>
    <subfield code="7">0</subfield>
    <subfield code="8">DP</subfield>
    <subfield code="a">PIET</subfield>
    <subfield code="b">PIET</subfield>
    <subfield code="d">2019-03-25</subfield>
    <subfield code="e">Kirti Prakashan</subfield>
    <subfield code="g">220.00</subfield>
    <subfield code="k">IN 3049</subfield>
    <subfield code="l">7</subfield>
    <subfield code="o">572.3 RAB</subfield>
    <subfield code="p">DP22</subfield>
    <subfield code="r">2025-05-28 00:00:00</subfield>
    <subfield code="s">2025-05-16</subfield>
    <subfield code="v">141.90</subfield>
    <subfield code="w">2019-03-08</subfield>
    <subfield code="y">BK</subfield>
  </datafield>
  <datafield tag="952" ind1=" " ind2=" ">
    <subfield code="0">0</subfield>
    <subfield code="1">0</subfield>
    <subfield code="2">ddc</subfield>
    <subfield code="4">0</subfield>
    <subfield code="7">0</subfield>
    <subfield code="8">DP</subfield>
    <subfield code="a">PIET</subfield>
    <subfield code="b">PIET</subfield>
    <subfield code="c">R05</subfield>
    <subfield code="d">2019-03-25</subfield>
    <subfield code="e">Kirti Prakashan</subfield>
    <subfield code="g">220.00</subfield>
    <subfield code="k">IN 3049</subfield>
    <subfield code="l">6</subfield>
    <subfield code="o">572.3 RAB</subfield>
    <subfield code="p">DP23</subfield>
    <subfield code="r">2024-12-09 00:00:00</subfield>
    <subfield code="s">2024-11-25</subfield>
    <subfield code="v">141.90</subfield>
    <subfield code="w">2019-03-08</subfield>
    <subfield code="y">BK</subfield>
  </datafield>
  <datafield tag="952" ind1=" " ind2=" ">
    <subfield code="0">0</subfield>
    <subfield code="1">0</subfield>
    <subfield code="2">ddc</subfield>
    <subfield code="4">0</subfield>
    <subfield code="7">0</subfield>
    <subfield code="8">DP</subfield>
    <subfield code="a">PIET</subfield>
    <subfield code="b">PIET</subfield>
    <subfield code="d">2019-03-25</subfield>
    <subfield code="e">Kirti Prakashan</subfield>
    <subfield code="g">220.00</subfield>
    <subfield code="k">IN 3049</subfield>
    <subfield code="l">0</subfield>
    <subfield code="o">572.3 RAB</subfield>
    <subfield code="p">DP24</subfield>
    <subfield code="r">2019-12-04 00:00:00</subfield>
    <subfield code="v">141.90</subfield>
    <subfield code="w">2019-03-08</subfield>
    <subfield code="y">REF</subfield>
  </datafield>
  <datafield tag="952" ind1=" " ind2=" ">
    <subfield code="0">0</subfield>
    <subfield code="1">0</subfield>
    <subfield code="2">ddc</subfield>
    <subfield code="4">0</subfield>
    <subfield code="7">0</subfield>
    <subfield code="8">DP</subfield>
    <subfield code="a">PIET</subfield>
    <subfield code="b">PIET</subfield>
    <subfield code="d">2019-03-25</subfield>
    <subfield code="e">Kirti Prakashan</subfield>
    <subfield code="g">220.00</subfield>
    <subfield code="k">IN 3049</subfield>
    <subfield code="l">9</subfield>
    <subfield code="o">572.3 RAB</subfield>
    <subfield code="p">DP25</subfield>
    <subfield code="r">2025-06-19 00:00:00</subfield>
    <subfield code="s">2025-06-13</subfield>
    <subfield code="v">141.90</subfield>
    <subfield code="w">2019-03-08</subfield>
    <subfield code="y">BK</subfield>
  </datafield>
</record>
